000
00249nam a2200109Ia 4500
008
140130s9999 xx 000 0 und d
245
_c
Packard, Marry
_a
Amazing Escape
260
_b
Scholastic,
_c
2002
440
_v
1
942
_c
BK
999
_c
41830
_d
41830